A controversial reform of New Zealand labour law: the Employment contracts Act 1991 (Record no. 2699)

000 -LEADER
fixed length control field 00458pab a2200145 454500
008 - FIXED-LENGTH DATA ELEMENTS--GENERAL INFORMATION
fixed length control field 180718b xxu||||| |||| 00| 0 eng d
100 ## - MAIN ENTRY--PERSONAL NAME
Personal name Hince, Kevin
245 ## - TITLE STATEMENT
Title A controversial reform of New Zealand labour law: the Employment contracts Act 1991
650 ## - SUBJECT ADDED ENTRY--TOPICAL TERM
Topical term or geographic name entry element Employment Contracts Act 1991
650 ## - SUBJECT ADDED ENTRY--TOPICAL TERM
Topical term or geographic name entry element Labour Law - Newzealand
650 ## - SUBJECT ADDED ENTRY--TOPICAL TERM
Topical term or geographic name entry element Labour - Legislation - New Zealand
700 ## - ADDED ENTRY--PERSONAL NAME
Personal name Vranken
773 ## - HOST ITEM ENTRY
Main entry heading International Labour Review
909 ## -
-- 2699
Holdings
Withdrawn status Lost status Damaged status Not for loan Permanent Location Current Location Date acquired Serial Enumeration / chronology Barcode Date last seen Price effective from Koha item type
        Indian Institute of Public Administration Indian Institute of Public Administration 2018-07-19 Issue no: 130(4) 91, p.475-93 AR2699 2018-07-19 2018-07-19 Articles

Powered by Koha